The new millionaires and how they made their fortunes. (Record no. 8889)

MARC details
000 -LEADER
fixed length control field 00579nam a2200157Ia 4500
008 - FIXED-LENGTH DATA ELEMENTS--GENERAL INFORMATION
fixed length control field 081213s9999 xx 000 0 und d
050 ## - LIBRARY OF CONGRESS CALL NUMBER
Classification number 305.52
Item number NEW
082 ## - DEWEY DECIMAL CLASSIFICATION NUMBER
Classification number 305.52
Item number NEW
245 ## - TITLE STATEMENT
Title The new millionaires and how they made their fortunes.
260 ## - PUBLICATION, DISTRIBUTION, ETC. (IMPRINT)
Date of publication, distribution, etc 1961
Place of publication, distribution, etc New York
Name of publisher, distributor, etc Macfadden books.
300 ## - PHYSICAL DESCRIPTION
Extent 127 p.
Dimensions 18 cm.
650 ## - SUBJECT ADDED ENTRY--TOPICAL TERM
Topical term or geographic name as entry element WEALTH
700 ## - ADDED ENTRY--PERSONAL NAME
Personal name Wall street journal
942 ## - ADDED ENTRY ELEMENTS (KOHA)
Item type Book
Source of classification or shelving scheme Library of Congress Classification
Holdings
Withdrawn status Lost status Source of classification or shelving scheme Damaged status Not for loan Collection code Home library Current library Shelving location Date acquired Source of acquisition Total Checkouts Full call number Barcode Date last borrowed Copy number Price effective from Koha item type
    Library of Congress Classification     Non-fiction Bishop Okullu Memorial Library (Limuru Campus) Bishop Okullu Memorial Library (Limuru Campus) General Circulation 11/03/2010 purchase 10 HC 102.5 .A2 N49 1961 018333 10/05/2023 1 11/03/2010 Book